[Event "New Zealand Junior Championship"]
[Site "Wellington"]
[Date "2023.01.05"]
[Round "3.8"]
[White "Paxton, Levi"]
[Black "Ng, Lok Jim (Lauren)"]
[Result "1/2-1/2"]
[WhiteElo "1912"]
[BlackElo "1417"]

1. d4 {[%clk 01:00:53] [%emt 00:00:04]} 1... Nf6 {[%clk 01:00:56] [%emt
00:00:05]} 2. c4 {[%clk 01:01:13] [%emt 00:00:11]} 2... g6 {[%clk 01:01:23]
[%emt 00:00:01]} 3. g3 {[%clk 01:01:35] [%emt 00:00:08]} 3... Bg7 {[%clk
01:01:46] [%emt 00:00:08]} 4. Bg2 {[%clk 01:01:52] [%emt 00:00:13]} 4... d6
{[%clk 01:02:11] [%emt 00:00:06]} 5. Nc3 {[%clk 01:02:14] [%emt 00:00:07]} 5...
O-O {[%clk 01:02:21] [%emt 00:00:20]} 6. Nf3 {[%clk 01:02:28] [%emt 00:00:15]}
6... Nbd7 {[%clk 01:02:37] [%emt 00:00:14]} 7. O-O {[%clk 01:02:43] [%emt
00:00:15]} 7... e5 {[%clk 01:02:52] [%emt 00:00:17]} 8. e4 {[%clk 01:02:47]
[%emt 00:00:25]} 8... Re8 {[%clk 00:59:42] [%emt 00:03:39]} 9. h3 {[%clk
00:59:12] [%emt 00:04:05]} 9... exd4 {[%clk 00:58:53] [%emt 00:01:19]} 10. Nxd4
{[%clk 00:59:29] [%emt 00:00:13]} 10... Nc5 {[%clk 00:58:16] [%emt 00:01:08]}
11. Re1 {[%clk 00:59:51] [%emt 00:00:07]} 11... a5 {[%clk 00:57:10] [%emt
00:01:37]} 12. Ndb5 {[%clk 00:56:35] [%emt 00:03:46]} 12... Rb8 {[%clk
00:54:08] [%emt 00:03:32]} 13. Bf4 {[%clk 00:56:20] [%emt 00:00:45]} 13... Bd7
{[%clk 00:53:56] [%emt 00:00:41]} 14. Nxc7 {[%clk 00:56:13] [%emt 00:00:37]}
14... Qxc7 {[%clk 00:48:52] [%emt 00:05:35]} 15. Bxd6 {[%clk 00:56:03] [%emt
00:00:41]} 15... Qc8 {[%clk 00:48:17] [%emt 00:01:05]} 16. e5 {[%clk 00:56:10]
[%emt 00:00:23]} 16... Nh5 {[%clk 00:46:18] [%emt 00:02:29]} 17. Bxc5 {[%clk
00:55:24] [%emt 00:01:16]} 17... Qxc5 {[%clk 00:44:56] [%emt 00:01:52]} 18.
Qxd7 {[%clk 00:55:44] [%emt 00:00:09]} 18... Rxe5 {[%clk 00:38:05] [%emt
00:07:21]} 19. Rxe5 {[%clk 00:52:58] [%emt 00:03:17]} 19... Qxe5 {[%clk
00:37:38] [%emt 00:00:57]} 20. Qd5 {[%clk 00:51:54] [%emt 00:01:35]} 20... Qc7
{[%clk 00:34:52] [%emt 00:03:16]} 21. Nb5 {[%clk 00:50:08] [%emt 00:02:16]}
21... Qb6 {[%clk 00:34:39] [%emt 00:00:42]} 22. Qd6 {[%clk 00:48:56] [%emt
00:01:43]} 22... Qxd6 {[%clk 00:32:48] [%emt 00:02:20]} 23. Nxd6 {[%clk
00:48:48] [%emt 00:00:38]} 23... Bxb2 {[%clk 00:32:40] [%emt 00:00:38]} 24. Rb1
{[%clk 00:48:36] [%emt 00:00:42]} 24... Bd4 {[%clk 00:32:07] [%emt 00:01:03]}
25. g4 {[%clk 00:45:08] [%emt 00:03:58]} 25... Nf4 {[%clk 00:29:14] [%emt
00:03:23]} 26. Rxb7 {[%clk 00:44:58] [%emt 00:00:40]} 26... Rxb7 {[%clk
00:27:41] [%emt 00:02:03]} 27. Nxb7 {[%clk 00:44:52] [%emt 00:00:36]} 27... a4
{[%clk 00:27:00] [%emt 00:01:11]} 28. Bf1 {[%clk 00:37:18] [%emt 00:08:04]}
28... Kf8 {[%clk 00:26:05] [%emt 00:01:26]} 29. c5 {[%clk 00:31:29] [%emt
00:06:19]} 29... Ke7 {[%clk 00:24:42] [%emt 00:01:52]} 30. Bb5 {[%clk 00:26:00]
[%emt 00:06:00]} 30... a3 {[%clk 00:23:55] [%emt 00:01:17]} 31. c6 {[%clk
00:25:01] [%emt 00:01:29]} 31... Bb6 {[%clk 00:23:29] [%emt 00:00:55]} 32. Nc5
{[%clk 00:24:58] [%emt 00:00:33]} 32... Nxh3+ {[%clk 00:20:03] [%emt 00:03:55]}
33. Kg2 {[%clk 00:24:16] [%emt 00:01:13]} 33... Nf4+ {[%clk 00:18:41] [%emt
00:01:52]} 34. Kf3 {[%clk 00:23:16] [%emt 00:01:29]} 34... Nd5 {[%clk 00:18:04]
[%emt 00:01:07]} 35. Ne4 {[%clk 00:22:42] [%emt 00:01:03]} 35... f5 {[%clk
00:15:44] [%emt 00:02:51]} 36. gxf5 {[%clk 00:20:20] [%emt 00:02:52]} 36...
gxf5 {[%clk 00:15:55] [%emt 00:00:19]} 37. Nd2 {[%clk 00:19:48] [%emt
00:01:00]} 37... Nc3 {[%clk 00:14:30] [%emt 00:01:57]} 38. Bc4 {[%clk 00:17:30]
[%emt 00:02:46]} 38... Kd6 {[%clk 00:14:42] [%emt 00:00:19]} 39. Kf4 {[%clk
00:16:39] [%emt 00:01:22]} 39... Kxc6 {[%clk 00:14:36] [%emt 00:00:37]} 40.
Kxf5 {[%clk 00:13:50] [%emt 00:03:18]} 40... Bxf2 {[%clk 00:14:48] [%emt
00:00:19]} 41. Ne4 {[%clk 00:12:51] [%emt 00:01:29]} 41... Nxe4 {[%clk
00:11:15] [%emt 00:04:03]} 42. Kxe4 {[%clk 00:13:08] [%emt 00:00:13]} 42... Kc5
{[%clk 00:11:24] [%emt 00:00:21]} 43. Bb3 {[%emt 00:00:49]} 43... h5 {[%clk
00:11:06]} 44. Kf3 {[%clk 00:13:54] [%emt 00:00:12]} 44... Bd4 {[%clk 00:11:04]
[%emt 00:00:33]} 45. Kg3 {[%clk 00:14:06] [%emt 00:00:18]} 45... Bf6 {[%clk
00:11:06] [%emt 00:00:28]} 46. Kh3 {[%clk 00:14:23] [%emt 00:00:13]} 46... h4
{[%clk 00:11:09] [%emt 00:00:27]} 47. Be6 {[%clk 00:14:34] [%emt 00:00:18]}
47... Kb4 {[%clk 00:11:10] [%emt 00:00:29]} 48. Bb3 {[%clk 00:14:52] [%emt
00:00:12]} 48... Kc3 {[%clk 00:10:55] [%emt 00:00:44]} 49. Be6 {[%clk 00:15:14]
[%emt 00:00:09]} 49... Kb4 {[%clk 00:10:40] [%emt 00:00:45]} 50. Bb3 {[%clk
00:15:33] [%emt 00:00:11]} 50... Kc3 {[%clk 00:11:02] [%emt 00:00:08]} 51. Be6
{[%clk 00:15:55] [%emt 00:00:08]} 51... Kb4 {[%emt 00:00:07]} 52. Bb3 {[%clk
00:15:55] [%emt 00:00:09]} 1/2-1/2

[Event "New Zealand Junior Championship"]
[Site "Wellington"]
[Date "2023.01.05"]
[Round "3.9"]
[White "Gilmore, Blake"]
[Black "Zhang, Yaoyuan"]
[Result "1-0"]
[WhiteElo "1725"]
[BlackElo "1515"]

1. Nf3 {[%clk 01:00:54] [%emt 00:00:05]} 1... d5 {[%clk 01:00:49] [%emt
00:00:11]} 2. g3 {[%clk 01:01:11] [%emt 00:00:14]} 2... c5 {[%clk 01:01:08]
[%emt 00:00:10]} 3. Bg2 {[%clk 01:01:35] [%emt 00:00:07]} 3... Nc6 {[%clk
01:01:32] [%emt 00:00:06]} 4. O-O {[%clk 01:01:48] [%emt 00:00:18]} 4... e5
{[%clk 01:01:35] [%emt 00:00:26]} 5. d3 {[%clk 01:02:13] [%emt 00:00:05]} 5...
Be7 {[%clk 00:58:40] [%emt 00:03:23]} 6. Nbd2 {[%clk 01:02:17] [%emt 00:00:27]}
6... Nf6 {[%clk 00:58:13] [%emt 00:00:58]} 7. e4 {[%clk 01:01:33] [%emt
00:01:13]} 7... d4 {[%clk 00:56:33] [%emt 00:02:09]} 8. Nc4 {[%clk 01:01:56]
[%emt 00:00:07]} 8... Bd6 {[%clk 00:56:17] [%emt 00:00:45]} 9. Nxd6+ {[%clk
01:01:10] [%emt 00:01:18]} 9... Qxd6 {[%clk 00:56:39] [%emt 00:00:08]} 10. Nh4
{[%clk 01:01:22] [%emt 00:00:17]} 10... Ng8 {[%clk 00:55:04] [%emt 00:02:03]}
11. f4 {[%clk 01:01:38] [%emt 00:00:15]} 11... g6 {[%clk 00:52:35] [%emt
00:02:58]} 12. fxe5 {[%clk 00:59:09] [%emt 00:03:00]} 12... Nxe5 {[%clk
00:52:43] [%emt 00:00:21]} 13. Nf3 {[%clk 00:59:00] [%emt 00:00:41]} 13... Bg4
{[%clk 00:51:52] [%emt 00:01:19]} 14. Bf4 {[%clk 00:58:33] [%emt 00:00:58]}
14... f6 {[%clk 00:43:03] [%emt 00:09:16]} 15. h3 {[%clk 00:57:07] [%emt
00:01:59]} 15... Bxf3 {[%clk 00:42:36] [%emt 00:00:56]} 16. Bxe5 {[%clk
00:52:09] [%emt 00:05:29]} 16... Qxe5 {[%clk 00:39:28] [%emt 00:03:37]} 17.
Qxf3 {[%clk 00:52:32] [%emt 00:00:06]} 17... O-O-O {[%clk 00:39:29] [%emt
00:00:30]} 18. Qf4 {[%clk 00:52:13] [%emt 00:00:49]} 18... Re8 {[%clk 00:32:41]
[%emt 00:07:18]} 19. Qxe5 {[%clk 00:51:12] [%emt 00:01:31]} 19... Rxe5 {[%clk
00:30:06] [%emt 00:03:05]} 20. c3 {[%clk 00:49:32] [%emt 00:02:12]} 20... f5
{[%clk 00:27:34] [%emt 00:02:59]} 21. cxd4 {[%clk 00:49:31] [%emt 00:00:32]}
21... cxd4 {[%clk 00:27:56] [%emt 00:00:08]} 22. Rac1+ {[%clk 00:49:48] [%emt
00:00:13]} 22... Kb8 {[%clk 00:27:26] [%emt 00:00:59]} 23. Rc4 {[%clk 00:49:59]
[%emt 00:00:19]} 23... fxe4 {[%clk 00:27:32] [%emt 00:00:24]} 24. Bxe4 {[%clk
00:50:21] [%emt 00:00:08]} 24... Nh6 {[%clk 00:27:29] [%emt 00:00:34]} 25. Rxd4
{[%clk 00:50:15] [%emt 00:00:36]} 25... Nf5 {[%clk 00:27:19] [%emt 00:00:39]}
26. Rd7 {[%clk 00:48:52] [%emt 00:01:54]} 26... Rb5 {[%clk 00:25:28] [%emt
00:02:20]} 27. Bxf5 {[%clk 00:48:26] [%emt 00:00:58]} 27... gxf5 {[%clk
00:25:40] [%emt 00:00:17]} 28. b3 {[%clk 00:48:28] [%emt 00:00:28]} 28... Rg8
{[%clk 00:24:44] [%emt 00:01:26]} 29. Kg2 {[%clk 00:48:30] [%emt 00:00:29]}
29... Rb6 {[%clk 00:19:47] [%emt 00:05:27]} 30. Rxf5 {[%clk 00:48:33] [%emt
00:00:26]} 30... Rbg6 {[%clk 00:19:52] [%emt 00:00:24]} 31. g4 {[%clk 00:48:42]
[%emt 00:00:22]} 31... h6 {[%clk 00:19:16] [%emt 00:01:06]} 32. Rb5 {[%clk
00:48:34] [%emt 00:00:38]} 32... b6 {[%clk 00:19:20] [%emt 00:00:26]} 33. Rf5
{[%clk 00:48:46] [%emt 00:00:18]} 33... Rc6 {[%clk 00:18:28] [%emt 00:01:20]}
34. d4 {[%clk 00:47:45] [%emt 00:01:31]} 34... Rc2+ {[%clk 00:18:41] [%emt
00:00:18]} 35. Rf2 {[%clk 00:48:10] [%emt 00:00:06]} 35... Rgc8 {[%clk
00:19:03] [%emt 00:00:08]} 36. Rf7 {[%clk 00:48:09] [%emt 00:00:31]} 36... R8c3
{[%clk 00:18:15] [%emt 00:01:15]} 37. Rxc2 {[%clk 00:48:26] [%emt 00:00:15]}
37... Rxc2+ {[%clk 00:18:37] [%emt 00:00:09]} 38. Rf2 {[%clk 00:48:52] [%emt
00:00:04]} 38... Rxf2+ {[%clk 00:18:44] [%emt 00:00:23]} 39. Kxf2 {[%clk
00:49:17] [%emt 00:00:05]} 39... Kc7 {[%clk 00:19:11] [%emt 00:00:04]} 40. Ke3
{[%clk 00:49:37] [%emt 00:00:10]} 40... Kd6 {[%clk 00:18:31] [%emt 00:01:09]}
41. Ke4 {[%clk 00:49:50] [%emt 00:00:18]} 41... a5 {[%clk 00:18:12] [%emt
00:00:50]} 42. a4 {[%clk 00:50:14] [%emt 00:00:06]} 42... Ke6 {[%clk 00:18:33]
[%emt 00:00:09]} 43. h4 {[%clk 00:50:28] [%emt 00:00:15] {[%clk 00:50:28]|>
{[%emt 00:00:15]|> Kd5+ {[%emt 00:00:24]|> 1-0 } 1-0

[Event "New Zealand Junior Championship"]
[Site "Wellington"]
[Date "2023.01.05"]
[Round "3.10"]
[White "Loke, Kayden"]
[Black "Si, William"]
[Result "1-0"]
[WhiteElo "1972"]
[BlackElo "1203"]

1. e4 {[%clk 00:57:57] [%emt 00:03:03]} 1... e5 {[%clk 01:00:57] [%emt
00:00:05]} 2. Nf3 {[%clk 00:58:03] [%emt 00:00:22]} 2... Nc6 {[%clk 01:01:23]
[%emt 00:00:04]} 3. Bc4 {[%clk 00:58:26] [%emt 00:00:07]} 3... Bc5 {[%clk
01:01:48] [%emt 00:00:05]} 4. c3 {[%clk 00:58:43] [%emt 00:00:13]} 4... Nf6
{[%clk 01:01:59] [%emt 00:00:19]} 5. d4 {[%clk 00:59:06] [%emt 00:00:07]} 5...
exd4 {[%clk 01:02:19] [%emt 00:00:10]} 6. cxd4 {[%clk 00:59:28] [%emt
00:00:08]} 6... Bb4+ {[%clk 01:02:42] [%emt 00:00:07]} 7. Nc3 {[%clk 00:59:53]
[%emt 00:00:06]} 7... Bxc3+ {[%clk 01:02:05] [%emt 00:01:07]} 8. bxc3 {[%clk
01:00:15] [%emt 00:00:08]} 8... Nxe4 {[%clk 01:02:17] [%emt 00:00:18]} 9. O-O
{[%clk 01:00:05] [%emt 00:00:40]} 9... O-O {[%clk 01:02:40] [%emt 00:00:07]}
10. Qc2 {[%clk 01:00:09] [%emt 00:00:25]} 10... Nf6 {[%clk 01:02:57] [%emt
00:00:13]} 11. Bg5 {[%clk 00:57:10] [%emt 00:03:30]} 11... h6 {[%clk 01:03:18]
[%emt 00:00:09]} 12. Bh4 {[%clk 00:56:32] [%emt 00:01:08]} 12... d6 {[%clk
01:03:34] [%emt 00:00:14]} 13. Rae1 {[%clk 00:55:19] [%emt 00:01:43]} 13... Bg4
{[%clk 01:03:34] [%emt 00:00:29]} 14. a4 {[%clk 00:55:05] [%emt 00:00:45]}
14... Bxf3 {[%clk 01:02:58] [%emt 00:01:06]} 15. gxf3 {[%clk 00:55:30] [%emt
00:00:05]} 15... Kh8 {[%clk 01:03:15] [%emt 00:00:13]} 16. f4 {[%clk 00:53:26]
[%emt 00:02:34]} 16... d5 {[%clk 01:01:29] [%emt 00:02:17]} 17. Ba2 {[%clk
00:53:43] [%emt 00:00:13]} 17... Qd6 {[%clk 01:01:15] [%emt 00:00:44]} 18. Re5
{[%clk 00:49:06] [%emt 00:05:07]} 18... Nxe5 {[%clk 01:00:44] [%emt 00:01:01]}
19. fxe5 {[%clk 00:48:55] [%emt 00:00:41]} 19... Qe6 {[%clk 01:01:02] [%emt
00:00:12]} 20. exf6 {[%clk 00:49:16] [%emt 00:00:08]} 20... Qg4+ {[%clk
01:00:57] [%emt 00:00:34]} 21. Bg3 {[%clk 00:49:39] [%emt 00:00:09]} 21... c6
{[%clk 01:00:50] [%emt 00:00:38]} 22. Bb1 {[%clk 00:49:54] [%emt 00:00:15]}
22... g6 {[%clk 01:00:42] [%emt 00:00:38]} 23. Qd2 {[%clk 00:50:00] [%emt
00:00:24]} 23... Qg5 {[%clk 00:59:55] [%emt 00:01:15]} 24. Qxg5 {[%clk
00:50:21] [%emt 00:00:10]} 24... hxg5 {[%clk 01:00:17] [%emt 00:00:08]} 25. f4
{[%clk 00:50:47] [%emt 00:00:04]} 25... gxf4 {[%clk 00:59:28] [%emt 00:01:19]}
26. Rxf4 {[%clk 00:51:07] [%emt 00:00:10]} 26... Rfe8 {[%clk 00:59:37] [%emt
00:00:20]} 27. Rh4+ {[%clk 00:51:01] [%emt 00:00:36]} 27... Kg8 {[%emt
00:02:31]} 28. Bd3 {[%clk 00:48:15] [%emt 00:00:55]} 28... Re3 {[%clk 00:59:53]
[%emt 00:00:33]} 29. Bf1 {[%clk 00:48:36] [%emt 00:00:10]} 29... Rxc3 {[%clk
01:00:03] [%emt 00:00:19]} 30. Bf4 {[%clk 00:49:01] [%emt 00:00:06]} 30... Re8
{[%clk 00:59:54] [%emt 00:00:39]} 31. Bg2 {[%clk 00:47:50] [%emt 00:01:41]}
31... Rc4 {[%clk 00:59:15] [%emt 00:01:09]} 32. Bh6 {[%clk 00:47:59] [%emt
00:00:21]} 32... Re1+ {[%clk 00:57:48] [%emt 00:01:57]} 33. Kf2 {[%clk
00:48:24] [%emt 00:00:05]} 33... g5 {[%clk 00:55:52] [%emt 00:02:26]} 34. Rh3
{[%clk 00:47:53] [%emt 00:01:00]} 34... g4 {[%clk 00:53:41] [%emt 00:02:41]}
35. Rh4 {[%clk 00:47:38] [%emt 00:00:46]} 1-0

[Event "New Zealand Junior Championship"]
[Site "Wellington"]
[Date "2023.01.05"]
[Round "3.11"]
[White "Kerr, Atlas"]
[Black "Zhou, Adele"]
[Result "1/2-1/2"]
[WhiteElo "1953"]
[BlackElo "1166"]

1. d4 {[%clk 01:00:58] [%emt 00:00:01]} 1... Nf6 {[%clk 01:00:54] [%emt
00:00:06]} 2. c4 {[%clk 01:01:24] [%emt 00:00:05]} 2... g6 {[%clk 01:01:19]
[%emt 00:00:04]} 3. Nc3 {[%clk 01:01:46] [%emt 00:00:08]} 3... Bg7 {[%clk
01:01:44] [%emt 00:00:06]} 4. e4 {[%clk 01:01:57] [%emt 00:00:19]} 4... d6
{[%clk 01:02:05] [%emt 00:00:09]} 5. Nf3 {[%clk 01:02:06] [%emt 00:00:20]} 5...
O-O {[%clk 01:02:24] [%emt 00:00:12]} 6. Be2 {[%clk 01:02:24] [%emt 00:00:10]}
6... e5 {[%clk 01:02:40] [%emt 00:00:14]} 7. d5 {[%clk 01:02:26] [%emt
00:00:28]} 7... Nbd7 {[%clk 01:01:45] [%emt 00:01:24]} 8. h3 {[%clk 01:00:57]
[%emt 00:02:00]} 8... a5 {[%clk 01:00:39] [%emt 00:01:37]} 9. Be3 {[%clk
00:59:15] [%emt 00:02:12]} 9... Nc5 {[%clk 01:00:39] [%emt 00:00:29]} 10. Bxc5
{[%clk 00:58:24] [%emt 00:01:21]} 10... dxc5 {[%clk 01:00:49] [%emt 00:00:20]}
11. g4 {[%clk 00:55:43] [%emt 00:03:12]} 11... Ne8 {[%clk 00:58:29] [%emt
00:02:49]} 12. g5 {[%clk 00:51:56] [%emt 00:04:18]} 12... Nd6 {[%clk 00:55:01]
[%emt 00:03:57]} 13. Qd3 {[%clk 00:49:51] [%emt 00:02:33]} 13... a4 {[%clk
00:50:09] [%emt 00:05:23]} 14. a3 {[%clk 00:48:53] [%emt 00:01:29]} 14... Qd7
{[%clk 00:48:21] [%emt 00:02:18]} 15. Nd2 {[%clk 00:44:44] [%emt 00:04:40]}
15... c6 {[%clk 00:44:37] [%emt 00:04:13]} 16. Bg4 {[%clk 00:44:48] [%emt
00:00:26]} 16... Qc7 {[%clk 00:43:21] [%emt 00:01:44]} 17. Bxc8 {[%clk
00:44:16] [%emt 00:01:04]} 17... Rfxc8 {[%clk 00:43:12] [%emt 00:00:39]} 18.
Rd1 {[%clk 00:40:06] [%emt 00:04:40]} 18... Rd8 {[%clk 00:40:34] [%emt
00:03:08]} 19. Qe3 {[%clk 00:37:57] [%emt 00:02:40]} 19... b6 {[%clk 00:37:28]
[%emt 00:03:35]} 20. dxc6 {[%clk 00:37:47] [%emt 00:00:40]} 20... Qxc6 {[%clk
00:37:34] [%emt 00:00:24]} 21. Nd5 {[%clk 00:38:16] [%emt 00:00:02]} 21... Qb7
{[%clk 00:35:40] [%emt 00:02:16]} 22. h4 {[%clk 00:36:25] [%emt 00:02:28]}
22... Nc8 {[%emt 00:07:24]} 23. h5 {[%clk 00:35:18] [%emt 00:01:35]} 23... Ne7
{[%clk 00:25:40] [%emt 00:03:37]} 24. Nf6+ {[%clk 00:35:32] [%emt 00:00:17]}
24... Bxf6 {[%clk 00:24:13] [%emt 00:01:57]} 25. gxf6 {[%clk 00:35:44] [%emt
00:00:17]} 25... Nf5 {[%clk 00:22:39] [%emt 00:02:04]} 26. Qh3 {[%clk 00:34:32]
[%emt 00:01:43]} 26... Rxd2 {[%clk 00:15:16] [%emt 00:07:54]} 27. Kxd2 {[%clk
00:32:04] [%emt 00:02:56]} 27... Rd8+ {[%clk 00:14:36] [%emt 00:01:10]} 28. Kc1
{[%clk 00:32:22] [%emt 00:00:14]} 28... Rxd1+ {[%clk 00:13:36] [%emt 00:01:30]}
29. Rxd1 {[%clk 00:32:37] [%emt 00:00:15]} 29... Nd4 {[%clk 00:12:37] [%emt
00:01:29]} 30. f3 {[%clk 00:30:16] [%emt 00:02:51]} 30... Qc7 {[%clk 00:12:08]
[%emt 00:00:44]} 31. hxg6 {[%clk 00:30:25] [%emt 00:00:36]} 31... fxg6 {[%clk
00:12:17] [%emt 00:00:20]} 32. Kb1 {[%clk 00:29:04] [%emt 00:01:51]} 32... Qb7
{[%clk 00:10:54] [%emt 00:01:41]} 33. Rh1 {[%clk 00:28:36] [%emt 00:01:11]}
33... Qc7 {[%clk 00:10:35] [%emt 00:00:39]} 34. Qg4 {[%clk 00:26:32] [%emt
00:02:43]} 34... Qc6 {[%clk 00:09:40] [%emt 00:00:39]} 1/2-1/2

[Event "New Zealand Junior Championship"]
[Site "Wellington"]
[Date "2023.01.05"]
[Round "3.13"]
[White "Sun, Wanyao Sarah"]
[Black "Zhou, Martin"]
[Result "1-0"]
[WhiteElo "1635"]
[BlackElo "1061"]

1. e4 {[%clk 01:00:57] [%emt 00:00:02]} 1... Nf6 {[%clk 01:00:51] [%emt
00:00:10]} 2. Nc3 {[%clk 01:00:37] [%emt 00:00:49]} 2... d6 {[%clk 00:59:35]
[%emt 00:01:46]} 3. d4 {[%clk 01:00:51] [%emt 00:00:17]} 3... Nbd7 {[%clk
00:58:41] [%emt 00:01:24]} 4. Nf3 {[%clk 01:00:19] [%emt 00:01:02]} 4... b6
{[%clk 00:58:48] [%emt 00:00:23]} 5. e5 {[%clk 00:59:01] [%emt 00:01:47]} 5...
dxe5 {[%clk 00:57:51] [%emt 00:01:26]} 6. dxe5 {[%clk 00:59:18] [%emt
00:00:13]} 6... Ng4 {[%clk 00:58:08] [%emt 00:00:14]} 7. Bb5 {[%clk 00:58:26]
[%emt 00:01:22]} 7... Bb7 {[%clk 00:53:34] [%emt 00:05:04]} 8. e6 {[%clk
00:57:31] [%emt 00:01:25]} 8... fxe6 {[%clk 00:52:38] [%emt 00:01:26]} 9. Ng5
{[%clk 00:57:42] [%emt 00:00:08]} 9... Nf6 {[%clk 00:50:09] [%emt 00:03:11]}
10. Nxe6 {[%clk 00:57:34] [%emt 00:00:38]} 10... Qc8 {[%clk 00:48:01] [%emt
00:02:37]} 11. Bf4 {[%clk 00:57:06] [%emt 00:00:55]} 11... c6 {[%clk 00:40:48]
[%emt 00:07:45]} 12. Nc7+ {[%clk 00:57:10] [%emt 00:00:25]} 12... Kd8 {[%clk
00:39:57] [%emt 00:01:21]} 13. Bc4 {[%clk 00:56:59] [%emt 00:00:41]} 13... h6
{[%clk 00:38:11] [%emt 00:02:17]} 14. Bf7 {[%clk 00:57:01] [%emt 00:00:25]}
14... c5 {[%clk 00:38:00] [%emt 00:00:45]} 15. Ne6# {[%clk 00:56:43] [%emt
00:00:15]} 1-0